[Event "Cerdanyola del Valles op 24th"]
[Site "Cerdanyola del Valles"]
[Date "2016.10.22"]
[Round "4"]
[White "Gonzalez Garcia, Sergi"]
[Black "Garcia Valero, Mario"]
[Result "0-1"]
[WhiteElo "1743"]
[BlackElo "1900"]
[PlyCount "100"]
[EventDate "2016.10.01"]
[EventType "swiss"]
[EventRounds "8"]
[EventCountry "ESP"]
[SourceTitle "EXT 2018"]
[Source "ChessBase"]
[SourceDate "2017.10.13"]
[SourceVersion "1"]
[SourceVersionDate "2017.10.13"]
[SourceQuality "1"]

1. e4 e5 2. Nf3 Nc6 3. d4 exd4 4. Nxd4 Nf6 5. Nc3 Bb4 6. Bg5 h6 7. Bxf6 Qxf6 8. Ndb5 a6 9. Nxc7+ Kd8 10. N7d5 Qe5 11. Bd3 Bc5 12. 0-0 b5 13. a3 Bb7 14. Qg4 Rc8 15. Kh1 g5 16. Qf3 Bd6 17. Qf6+ Qxf6 18. Nxf6 Ne5 19. Rad1 Bb8 20. Be2 Rc6 21. Nfd5 g4 22. f4 gxf3 23. Bxf3 Nc4 24. Bh5 Nxb2 25. Rb1 Nc4 26. Rxf7 Bd6 27. a4 Na3 28. axb5 axb5 29. Rbf1 Rc5 30. Nb6 Bc6 31. Ncd5 Nc4 32. Nxc4 Rxc4 33. e5 Bxd5 34. exd6 Bxf7 35. Bxf7 Rxc2 36. Ra1 Rc8 37. Bd5 Rf8 38. Kg1 Rb8 39. g4 b4 40. Bb3 Rf6 41. Rd1 Rb6 42. Kg2 Rbxd6 43. Rxd6 Rxd6 44. h4 Rd3 45. Bf7 b3 46. Bg6 Rd1 47. g5 hxg5 48. h5 Ke7 49. h6 Kf6 50. h7 Kg7 0-1

[Event "Barcelona Sants op-B 18th"]
[Site "Barcelona"]
[Date "2016.08.26"]
[Round "8"]
[White "Garcia Valero, Mario"]
[Black "Castrillo Mansego, Pablo"]
[Result "1/2-1/2"]
[WhiteElo "1892"]
[BlackElo "2028"]
[PlyCount "234"]
[EventDate "2016.08.19"]
[EventType "swiss"]
[EventRounds "10"]
[EventCountry "ESP"]
[SourceTitle "CBM 174 Extra"]
[Source "ChessBase"]
[SourceDate "2016.10.10"]
[SourceVersion "1"]
[SourceVersionDate "2016.10.10"]
[SourceQuality "1"]

1. e4 c5 2. Nf3 d6 3. d4 cxd4 4. Nxd4 Nf6 5. Nc3 g6 6. Bc4 Bg7 7. 0-0 0-0 8. Bb3 Nbd7 9. h3 Nc5 10. Re1 Nxb3 11. axb3 a6 12. Be3 b5 13. Nc6 Qc7 14. Nd5 Nxd5 15. exd5 e5 16. c4 Bd7 17. cxb5 axb5 18. Rc1 Qb7 19. Qd2 f5 20. Bh6 f4 21. Bxg7 Kxg7 22. Rc3 f3 23. Rec1 Rf7 24. R3c2 fxg2 25. Qb4 Bf5 26. Qxd6 Bxc2 27. Qxe5+ Kh6 28. Rxc2 Ra1+ 29. Kxg2 Rf5 30. Qe7 Rg5+ 31. Kf3 Qc8 32. Qe6 Qf8+ 33. Ke2 Qf4 34. Rd2 Rgg1 35. Kd3 Rge1 36. Qg4 Qf6 37. h4 Rg1 38. Qh3 Rge1 39. Qg4 Qd6 40. Qg5+ Kg7 41. h5 Ra6 42. h6+ Kf8 43. Nd4 Re5 44. Qf4+ Ke8 45. Rc2 Rxd5 46. Re2+ Kd8 47. Qh4+ g5 48. Qe4 Rxd4+ 49. Qxd4 Qxd4+ 50. Kxd4 Rxh6 51. Re5 Rg6 52. Rxb5 h5 53. Rb7 Rf6 54. Rh7 h4 55. Ke3 Rb6 56. Kf3 Rb4 57. Rg7 Rxb3+ 58. Kg4 Rb5 59. f4 gxf4 60. Kxf4 Rh5 61. Kg4 h3 62. Kxh5 h2 63. Rg8+ Ke7 64. Rg7+ Kf8 65. Rg4 h1Q+ 66. Kg5 Qc1+ 67. Kf5 Qxb2 68. Re4 Kf7 69. Rf4 Qe2 70. Re4 Qh5+ 71. Kf4 Kf6 72. Ke3 Kf5 73. Rf4+ Ke5 74. Re4+ Kd5 75. Rd4+ Kc5 76. Rf4 Qg5 77. Kf3 Kd5 78. Rg4 Qh5 79. Kf4 Kd4 80. Rg5 Qh3 81. Rg4 Qf1+ 82. Kg5+ Ke5 83. Kh5 Qf3 84. Kh4 Kf5 85. Rg5+ Kf6 86. Rg6+ Kf7 87. Rg5 Qf4+ 88. Rg4 Qe3 89. Kh5 Qf2 90. Kg5 Kg7 91. Rf4 Qe3 92. Kf5 Kf7 93. Re4 Qc5+ 94. Re5 Qf2+ 95. Ke4 Kf6 96. Rd5 Qh4+ 97. Ke3 Qg4 98. Rd2 Ke5 99. Re2 Qg3+ 100. Kd2+ Kd4 101. Kd1 Qc3 102. Rd2+ Ke3 103. Re2+ Kf3 104. Rf2+ Ke4 105. Re2+ Kf3 106. Rf2+ Kg3 107. Re2 Qd3+ 108. Rd2 Qb3+ 109. Ke2 Kg2 110. Rd3 Qb6 111. Rd2 Qb3 112. Rd3 Qb2+ 113. Rd2 Qe5+ 114. Kd3+ Kf3 115. Kc2 Qb5 116. Kc3 Ke3 117. Ra2 Qc5+ 1/2-1/2

[Event "Barcelona Sants op-B 18th"]
[Site "Barcelona"]
[Date "2016.08.24"]
[Round "6"]
[White "Garcia Valero, Mario"]
[Black "Tolibayev, Timur"]
[Result "1/2-1/2"]
[WhiteElo "1892"]
[BlackElo "2096"]
[PlyCount "139"]
[EventDate "2016.08.19"]
[EventType "swiss"]
[EventRounds "10"]
[EventCountry "ESP"]
[SourceTitle "CBM 174 Extra"]
[Source "ChessBase"]
[SourceDate "2016.10.10"]
[SourceVersion "1"]
[SourceVersionDate "2016.10.10"]
[SourceQuality "1"]

1. e4 e5 2. Nf3 Nc6 3. Bb5 a6 4. Ba4 Nf6 5. 0-0 Be7 6. Re1 b5 7. Bb3 d6 8. c3 0-0 9. h3 Nb8 10. a4 Bb7 11. d3 Nbd7 12. Nbd2 Nc5 13. Bc2 Re8 14. a5 Bf8 15. Nf1 g6 16. Ng3 Bg7 17. b4 Ncd7 18. Bb2 c5 19. Bb3 d5 20. exd5 Nxd5 21. Ne4 Qc7 22. bxc5 Nxc5 23. Nxc5 Qxc5 24. c4 Nf4 25. cxb5 Qxb5 26. Re3 Rad8 27. Ne1 Bf8 28. Ba3 Bxa3 29. Rxa3 Re7 30. Ra1 Qc6 31. Rc1 Qd6 32. Bc4 e4 33. Qb3 exd3 34. Rxe7 Qxe7 35. Bxd3 Nxh3+ 36. Kf1 Nf4 37. Bc4 Bd5 38. Bxd5 Qe2+ 39. Kg1 Nxd5 40. Rd1 Qe7 41. Nf3 Nf6 42. Rxd8+ Qxd8 43. Qb6 Qxb6 44. axb6 Nd7 45. b7 a5 46. Ne5 Nb8 47. Nc4 a4 48. Kf1 h5 49. Ke2 g5 50. Kd3 Kf8 51. f3 Ke7 52. Kc3 f5 53. Kb4 h4 54. Ne3 Ke6 55. Kxa4 Ke5 56. Kb5 Kf4 57. Nf1 h3 58. gxh3 Kxf3 59. Kc4 Kf2 60. Nd2 Ke2 61. Nb3 f4 62. Nd4+ Ke3 63. Kd5 f3 64. Nxf3 Kxf3 65. Ke5 Kg3 66. Kf5 Kh4 67. Kg6 Nd7 68. Kh6 Nb8 69. Kg6 Na6 70. Kh6 1/2-1/2

[Event "Catalunya-chT Gp1"]
[Site "Barcelona"]
[Date "2016.03.05"]
[Round "7.2"]
[White "Garcia Valero, Mario"]
[Black "Colls Gelaberto, Emilio"]
[Result "0-1"]
[WhiteElo "1887"]
[BlackElo "2108"]
[PlyCount "70"]
[EventDate "2016.01.23"]
[EventType "team-tourn"]
[EventRounds "7"]
[EventCountry "ESP"]
[SourceTitle "EXT 2017"]
[Source "ChessBase"]
[SourceDate "2016.10.25"]
[SourceVersion "1"]
[SourceVersionDate "2016.10.25"]
[SourceQuality "1"]
[WhiteTeam "Cerdanyola Valles"]
[BlackTeam "Figueres"]
[WhiteTeamCountry "ESP"]
[BlackTeamCountry "ESP"]

1. e4 c6 2. d4 d5 3. Nc3 dxe4 4. Nxe4 Nd7 5. Bc4 Ngf6 6. Ng5 e6 7. Be3 Bd6 8. N1f3 h6 9. Nh3 Qc7 10. Qe2 b6 11. 0-0-0 Bb7 12. Rhe1 0-0-0 13. Ba6 g5 14. Bxb7+ Kxb7 15. Ne5 Bxe5 16. dxe5 Qxe5 17. f4 gxf4 18. Nxf4 Rhg8 19. g3 Ng4 20. Rd3 Ndf6 21. Ra3 a5 22. h3 Nxe3 23. Rxe3 Qc7 24. Qf3 Nd5 25. Nxd5 Rxd5 26. g4 Rgd8 27. Qf6 h5 28. g5 Rf5 29. Qg7 Rd7 30. h4 Qf4 31. b3 Qxh4 32. Re5 Qd4 33. Kb1 Rxe5 34. Qxe5 Qxe5 35. Rxe5 Rd5 0-1

[Event "Cerdanyola del Valles Regional-ch"]
[Site "Cerdanyola del Valles"]
[Date "2015.??.??"]
[Round "1"]
[White "Garcia Valero, Mario"]
[Black "Jimenez Ruano, Adrian"]
[Result "0-1"]
[WhiteElo "2034"]
[BlackElo "2223"]
[PlyCount "56"]
[EventDate "2015.10.03"]
[EventType "swiss"]
[EventRounds "8"]
[EventCountry "ESP"]
[SourceTitle "CBM 169 Extra"]
[Source "ChessBase"]
[SourceDate "2015.12.18"]
[SourceVersion "1"]
[SourceVersionDate "2015.12.18"]
[SourceQuality "1"]

1. e4 e5 2. Nf3 Nc6 3. d4 exd4 4. Nxd4 Qf6 5. Be3 Bc5 6. c3 Qg6 7. f3 Nge7 8. Nf5 Nxf5 9. Bxc5 Nh4 10. Qe2 Qg5 11. Be3 Qe7 12. Nd2 d6 13. 0-0-0 Be6 14. Kb1 0-0-0 15. f4 f5 16. e5 dxe5 17. fxe5 Ng6 18. h4 f4 19. Bf2 Ngxe5 20. Qb5 Rd5 21. Qa4 Ra5 22. Qxf4 Rf8 23. Qg3 Qf7 24. Bd4 Bf5+ 25. Kc1 Qxa2 26. Bxe5 Qa1+ 27. Nb1 Qxb1+ 28. Kd2 Qc2+ 0-1

[Event "Cerdanyola del Valles op-A 32th"]
[Site "Cerdanyola del Valles"]
[Date "2014.??.??"]
[Round "3.10"]
[White "Castellet Menchon, Cora"]
[Black "Garcia Valero, Mario"]
[Result "0-1"]
[WhiteElo "1761"]
[BlackElo "1922"]
[PlyCount "102"]
[EventDate "2014.10.04"]
[EventType "swiss"]
[EventRounds "8"]
[EventCountry "ESP"]
[SourceTitle "EXT 2024"]
[Source "ChessBase"]
[SourceDate "2023.10.10"]
[SourceVersion "1"]
[SourceVersionDate "2023.10.10"]
[SourceQuality "1"]

1. d4 Nf6 2. c4 g6 3. Nc3 Bg7 4. e4 d6 5. f4 0-0 6. Nf3 c5 7. dxc5 dxc5 8. Bd3 Nc6 9. e5 Ng4 10. 0-0 Nd4 11. h3 Nh6 12. Be3 Nhf5 13. Bxf5 Nxf3+ 14. Qxf3 Bxf5 15. Qxb7 Rb8 16. Qxa7 Rxb2 17. Rfd1 Qc8 18. Qxe7 Bxh3 19. Bf2 Bxg2 20. Qh4 Ba8 21. Nd5 Qb7 22. Bxc5 Re8 23. Qh3 h5 24. Ba3 Qa7+ 25. c5 Rb5 26. Qd3 Ra5 27. Bc1 Qxc5+ 28. Qe3 Qxe3+ 29. Nxe3 Rb8 30. Nc4 Ra4 31. Nd6 Bh6 32. Rf1 Bd5 33. a3 Rb3 34. Rd1 Be6 35. Ne8 Rb8 36. Nf6+ Kg7 37. Rf1 Bc4 38. Rf2 Rd8 39. Rd2 Rxd2 40. Bxd2 Bd3 41. Bb4 Bxf4 42. Rd1 Bf5 43. Rd5 Bc1 44. Ne8+ Kh6 45. Rd4 Ra8 46. Nd6 Be6 47. Rd3 g5 48. Kg2 g4 49. Kg3 Kg6 50. Ne4 Bf5 51. Rd4 Bxa3 0-1

[Event "Cerdanyola del Valles op-A 32th"]
[Site "Cerdanyola del Valles"]
[Date "2014.??.??"]
[Round "7.10"]
[White "Garcia Valero, Mario"]
[Black "Lopez Diaz, Daniel"]
[Result "0-1"]
[WhiteElo "1922"]
[BlackElo "1905"]
[PlyCount "40"]
[EventDate "2014.10.04"]
[EventType "swiss"]
[EventRounds "8"]
[EventCountry "ESP"]
[SourceTitle "EXT 2024"]
[Source "ChessBase"]
[SourceDate "2023.10.10"]
[SourceVersion "1"]
[SourceVersionDate "2023.10.10"]
[SourceQuality "1"]

1. e4 e5 2. Nf3 Nc6 3. Bb5 a6 4. Ba4 Nf6 5. 0-0 b5 6. Bb3 Bc5 7. c3 d6 8. h3 0-0 9. d3 h6 10. Qe2 Re8 11. Rd1 d5 12. exd5 Nxd5 13. Qe4 Be6 14. Nxe5 Nxe5 15. Qxe5 Qh4 16. d4 Bd6 17. Qe2 Bxh3 18. Qd3 Bxg2 19. Kxg2 Qh2+ 20. Kf3 Qh3# 0-1

[Event "Cerdanyola del Valles op-A 32th"]
[Site "Cerdanyola del Valles"]
[Date "2014.??.??"]
[Round "2.3"]
[White "Garcia Valero, Mario"]
[Black "Vidarte Morales, Arturo"]
[Result "0-1"]
[WhiteElo "1922"]
[BlackElo "2306"]
[PlyCount "70"]
[EventDate "2014.10.04"]
[EventType "swiss"]
[EventRounds "8"]
[EventCountry "ESP"]
[SourceTitle "EXT 2024"]
[Source "ChessBase"]
[SourceDate "2023.10.10"]
[SourceVersion "1"]
[SourceVersionDate "2023.10.10"]
[SourceQuality "1"]

1. e4 c5 2. Nf3 d6 3. d4 cxd4 4. Nxd4 Nf6 5. Nc3 Nc6 6. Bb5 Bd7 7. Bxc6 bxc6 8. 0-0 e5 9. Nf3 Be7 10. Qd3 h6 11. Ne2 0-0 12. c4 Qc7 13. Ng3 Rfd8 14. b3 a5 15. Ba3 Bf8 16. Bb2 c5 17. a3 Bc6 18. Rfd1 g6 19. Bc3 h5 20. Bd2 Rdb8 21. Bg5 Nh7 22. Bd2 Be7 23. Qc2 Qb7 24. h4 Qxb3 25. Qxb3 Rxb3 26. Rdb1 a4 27. Rxb3 axb3 28. Bc3 Ra4 29. Nd2 Bxh4 30. Ngf1 Bg5 31. Bb2 Nf6 32. f3 Bd7 33. Rd1 Be6 34. Rc1 Nd7 35. Rc3 Nb6 0-1

[Event "Cerdanyola del Valles op 31st"]
[Site "Cerdanyola del Valles"]
[Date "2013.11.30"]
[Round "8"]
[White "Garcia Valero, Mario"]
[Black "Garcia Acosta, Roger"]
[Result "0-1"]
[WhiteElo "1914"]
[BlackElo "2031"]
[PlyCount "70"]
[EventDate "2013.10.05"]
[EventType "swiss"]
[EventRounds "8"]
[EventCountry "ESP"]
[SourceTitle "CBM 157 Extra"]
[Source "ChessBase"]
[SourceDate "2013.12.19"]
[SourceVersion "1"]
[SourceVersionDate "2013.12.19"]
[SourceQuality "1"]

1. e4 e5 2. Nf3 Nc6 3. d4 exd4 4. Nxd4 Nf6 5. Nxc6 bxc6 6. e5 Qe7 7. Qe2 Nd5 8. c4 Ba6 9. g3 g6 10. b3 Bg7 11. Bb2 Nb6 12. Bg2 0-0 13. 0-0 Rae8 14. f4 f6 15. Ba3 c5 16. Nd2 fxe5 17. Rae1 d5 18. Qf2 d4 19. Bc6 Nd7 20. Bxd7 Qxd7 21. Bxc5 Rf7 22. Qg2 exf4 23. Rxe8+ Qxe8 24. Qd5 c6 25. Qe4 Qxe4 26. Nxe4 fxg3 27. hxg3 Rxf1+ 28. Kxf1 Bc8 29. Bxa7 Bf5 30. Nd2 Kf7 31. a4 Ke7 32. Ke2 Kd7 33. Bc5 Kc7 34. b4 d3+ 35. Ke3 Bh6+ 0-1

[Event "Cerdanyola del Valles op 31st"]
[Site "Cerdanyola del Valles"]
[Date "2013.??.??"]
[Round "4"]
[White "Panades Catarineu, Oriol"]
[Black "Garcia Valero, Mario"]
[Result "1/2-1/2"]
[WhiteElo "1834"]
[BlackElo "1914"]
[PlyCount "47"]
[EventDate "2013.10.05"]
[EventType "swiss"]
[EventRounds "8"]
[EventCountry "ESP"]
[SourceTitle "CBM 157 Extra"]
[Source "ChessBase"]
[SourceDate "2013.12.19"]
[SourceVersion "1"]
[SourceVersionDate "2013.12.19"]
[SourceQuality "1"]

1. e4 e5 2. Nf3 Nc6 3. Bb5 a6 4. Ba4 Nf6 5. d3 b5 6. Bb3 Be7 7. 0-0 0-0 8. Nbd2 d6 9. c3 Na5 10. Bc2 c5 11. d4 Qc7 12. Re1 Rb8 13. d5 Nb7 14. Nf1 Ne8 15. Ng3 g6 16. Bh6 Ng7 17. Nd2 Nd8 18. b3 f6 19. f4 Nf7 20. Bxg7 Kxg7 21. f5 Bd7 22. Qg4 Nh6 23. Qh3 Rh8 24. Ngf1 1/2-1/2

[Event "Cerdanyola del Valles op 30th"]
[Site "Cerdanyola del Valles"]
[Date "2012.11.17"]
[Round "7"]
[White "Garcia Valero, Mario"]
[Black "Penalver Guardia, Francesco"]
[Result "1/2-1/2"]
[WhiteElo "1945"]
[BlackElo "1849"]
[PlyCount "150"]
[EventDate "2012.09.29"]
[EventType "swiss"]
[EventRounds "8"]
[EventCountry "ESP"]
[SourceTitle "EXT 2014"]
[Source "ChessBase"]
[SourceDate "2013.11.20"]
[SourceVersion "1"]
[SourceVersionDate "2013.11.20"]
[SourceQuality "1"]

1. e4 c6 2. d4 d5 3. Nc3 dxe4 4. Nxe4 Nd7 5. Nf3 Ngf6 6. Ng3 e6 7. Bd3 h6 8. Be3 Be7 9. 0-0 0-0 10. c4 c5 11. Rc1 cxd4 12. Nxd4 Nc5 13. Bb1 a6 14. b4 Ncd7 15. a3 Re8 16. Qc2 Nf8 17. Rcd1 Qc7 18. Nf3 Bd7 19. Bd4 Bc6 20. Be5 Qc8 21. Nd4 Ng4 22. Nxc6 Qxc6 23. Bf4 Rad8 24. c5 Rxd1 25. Rxd1 Nf6 26. Bd6 Bxd6 27. Rxd6 Qc7 28. Qd3 Ng6 29. Ne4 Nd5 30. Nd2 Rd8 31. Nc4 Rxd6 32. Nxd6 a5 33. h4 axb4 34. h5 Nf8 35. Qd4 Nc3 36. Bd3 Qe7 37. axb4 Nd5 38. Be4 b6 39. Bxd5 bxc5 40. bxc5 exd5 41. Nf5 Qe1+ 42. Kh2 Ne6 43. Qxd5 Qxf2 44. Qa8+ Kh7 45. Qe4 Nxc5 46. Qb1 g6 47. hxg6+ fxg6 48. Ng3 Qf4 49. Qe1 Qc7 50. Kh1 h5 51. Qe3 h4 52. Ne2 Qd6 53. Qg5 Qd1+ 54. Kh2 Qxe2 55. Qxc5 Qg4 56. Qe7+ Kh6 57. Qf8+ Kh5 58. Qb8 Qd4 59. Qc7 Qf6 60. Qb8 Kg4 61. Qc8+ Qf5 62. Qc3 Qf4+ 63. Kg1 g5 64. Qc8+ Qf5 65. Qc4+ Kh5 66. Qg8 Qc5+ 67. Kh2 Qe5+ 68. Kh1 Qe3 69. Qh7+ Kg4 70. Qd7+ Kg3 71. Qc7+ Kf2 72. Qg3+ Ke2 73. Qg4+ Kf1 74. Qd1+ Qe1 75. Qf3+ Qf2 1/2-1/2

[Event "Cerdanyola del Valles op 30th"]
[Site "Cerdanyola del Valles"]
[Date "2012.11.10"]
[Round "6"]
[White "Gutierrez Sanchez, Daniel"]
[Black "Garcia Valero, Mario"]
[Result "1-0"]
[WhiteElo "1838"]
[BlackElo "1945"]
[PlyCount "89"]
[EventDate "2012.09.29"]
[EventType "swiss"]
[EventRounds "8"]
[EventCountry "ESP"]
[SourceTitle "EXT 2014"]
[Source "ChessBase"]
[SourceDate "2013.11.20"]
[SourceVersion "1"]
[SourceVersionDate "2013.11.20"]
[SourceQuality "1"]

1. e4 e5 2. Nf3 Nc6 3. d4 exd4 4. Nxd4 Nf6 5. Nc3 Bb4 6. Nxc6 bxc6 7. Bd3 d5 8. exd5 cxd5 9. 0-0 c6 10. Bg5 0-0 11. Ne2 Be7 12. Nd4 Qc7 13. Nf5 Bxf5 14. Bxf5 Rfe8 15. Qd3 g6 16. Bh3 Ne4 17. Bxe7 Qxe7 18. c4 Rad8 19. Rfe1 Qb4 20. b3 Nc5 21. Qf1 d4 22. Bg4 d3 23. Rad1 a5 24. Bf3 d2 25. Re2 Re6 26. Rxe6 Nxe6 27. Bxc6 Nd4 28. Be4 f5 29. Bd5+ Kf8 30. Qd3 Re8 31. g3 Re1+ 32. Kg2 Rxd1 33. Qxd4 Qd6 34. c5 Qa6 35. Qh8+ Ke7 36. Qg7+ Kd8 37. Qf8+ Kd7 38. Qf7+ Kd8 39. c6 Qf1+ 40. Kf3 Qd3+ 41. Kf4 Qd4+ 42. Kg5 h6+ 43. Kxg6 Qg4+ 44. Kh7 f4 45. c7+ 1-0

[Event "Cerdanyola del Valles op 30th"]
[Site "Cerdanyola del Valles"]
[Date "2012.10.20"]
[Round "3"]
[White "Garcia Valero, Mario"]
[Black "Ramirez Garcia, Lluis"]
[Result "1-0"]
[WhiteElo "1945"]
[BlackElo "1823"]
[PlyCount "71"]
[EventDate "2012.09.29"]
[EventType "swiss"]
[EventRounds "8"]
[EventCountry "ESP"]
[SourceTitle "EXT 2014"]
[Source "ChessBase"]
[SourceDate "2013.11.20"]
[SourceVersion "1"]
[SourceVersionDate "2013.11.20"]
[SourceQuality "1"]

1. e4 e5 2. Nf3 Nc6 3. d4 exd4 4. Nxd4 Bc5 5. Be3 Qf6 6. c3 Nge7 7. Bc4 Ne5 8. Bb3 d6 9. 0-0 0-0 10. Nc2 Be6 11. Bxc5 Bxb3 12. axb3 dxc5 13. Ne3 Rfd8 14. Qe2 Qb6 15. Qc2 Rd6 16. Nd2 Rg6 17. Ndc4 Nxc4 18. bxc4 Rd6 19. e5 Rd7 20. Rfd1 Rad8 21. Rxd7 Rxd7 22. f4 f6 23. Ng4 h5 24. exf6 hxg4 25. fxe7 Rxe7 26. Rd1 Qe6 27. Qd3 Qe3+ 28. Qxe3 Rxe3 29. Kf2 Re7 30. Rd5 b6 31. Rg5 Re4 32. Rxg4 Rxc4 33. Ke3 Kf7 34. Kd3 Ra4 35. Rh4 Kg6 36. f5+ 1-0

[Event "Cerdanyola del Valles op-A 29th"]
[Site "Cerdanyola del Valles"]
[Date "2011.10.08"]
[Round "2"]
[White "Garcia Valero, Mario"]
[Black "Sanchez Alegria, Jose Manuel"]
[Result "1-0"]
[WhiteElo "1896"]
[BlackElo "1771"]
[PlyCount "61"]
[EventDate "2011.10.01"]
[EventType "swiss"]
[EventRounds "8"]
[EventCountry "ESP"]
[SourceTitle "EXT 2013"]
[Source "ChessBase"]
[SourceDate "2012.11.22"]
[SourceVersion "1"]
[SourceVersionDate "2012.11.22"]
[SourceQuality "1"]

1. e4 c5 2. Nf3 d6 3. d4 cxd4 4. Nxd4 Nf6 5. Nc3 a6 6. Be2 e5 7. Nb3 Be7 8. Be3 Be6 9. f3 Nbd7 10. 0-0 0-0 11. Qd2 Ne8 12. Rad1 Nc7 13. a4 Kh8 14. g4 g6 15. f4 f5 16. g5 fxe4 17. Nxe4 Bxb3 18. cxb3 d5 19. fxe5 Nxe5 20. Bd4 Bd6 21. Qc3 Re8 22. Nf6 Re7 23. Ng4 Qe8 24. Rf6 Ne6 25. Bxe5 Bxe5 26. Qxe5 Ng7 27. Qxd5 Rxe2 28. Rff1 Ne6 29. Qf3 Ng7 30. Rd6 Kg8 31. Nf6+ 1-0

[Event "Llinars del Valles op-A 5th"]
[Site "Llinars del Valles"]
[Date "2011.05.07"]
[Round "2"]
[White "Fernandez Felguera, Alvaro"]
[Black "Garcia Valero, Mario"]
[Result "0-1"]
[WhiteElo "1745"]
[BlackElo "1883"]
[PlyCount "94"]
[EventDate "2011.04.30"]
[EventType "swiss"]
[EventRounds "7"]
[EventCountry "ESP"]
[SourceTitle "EXT 2012"]
[Source "ChessBase"]
[SourceDate "2011.11.24"]
[SourceVersion "1"]
[SourceVersionDate "2011.11.24"]
[SourceQuality "1"]

1. d4 Nf6 2. Bg5 Ne4 3. Bf4 d6 4. e3 g6 5. Bd3 Nf6 6. c3 Bg7 7. Nd2 0-0 8. Ngf3 Nbd7 9. Qc2 e6 10. 0-0 b6 11. e4 Bb7 12. Bg5 Qc8 13. c4 c5 14. d5 e5 15. h3 h6 16. Be3 Nh7 17. Nh2 Ndf6 18. Ndf3 Nh5 19. Qd2 g5 20. Rfe1 Nf4 21. Nf1 Qd8 22. Qc2 Bc8 23. Kh2 Qd7 24. Ng1 Nf6 25. Bxf4 exf4 26. f3 Nh5 27. Ne2 Be5 28. Rab1 Qe7 29. Ng1 Kh8 30. Red1 Rg8 31. Qf2 Bd7 32. Ne2 Rg6 33. Bc2 Rag8 34. Kh1 Qf6 35. Nh2 Ng3+ 36. Kg1 h5 37. Rd3 Qg7 38. Bd1 f5 39. b3 fxe4 40. fxe4 Nxe4 41. Qf3 Ng3 42. Nxg3 fxg3 43. Nf1 g4 44. hxg4 Bxg4 45. Qe4 Bd4+ 46. Kh1 Qf6 47. Ne3 Qh4+ 0-1

[Event "Cerdanyola del Valles op 28th"]
[Site "Cerdanyola del Valles"]
[Date "2010.11.06"]
[Round "6"]
[White "Garcia Valero, Mario"]
[Black "Penalver Guardia, Josep"]
[Result "1-0"]
[WhiteElo "1874"]
[BlackElo "1765"]
[PlyCount "69"]
[EventDate "2010.10.02"]
[EventType "swiss"]
[EventRounds "7"]
[EventCountry "ESP"]
[SourceTitle "EXT 2012"]
[Source "ChessBase"]
[SourceDate "2011.11.24"]
[SourceVersion "1"]
[SourceVersionDate "2011.11.24"]
[SourceQuality "1"]

1. e4 e6 2. d4 d5 3. Nd2 c5 4. exd5 exd5 5. Ngf3 Bd6 6. Be2 Ne7 7. Nb3 c4 8. Nbd2 0-0 9. 0-0 Nbc6 10. c3 Bg4 11. Re1 Qc7 12. h3 Bf5 13. Nf1 Ng6 14. Ne3 Be4 15. Ng5 b5 16. Nxe4 dxe4 17. Bf1 f5 18. b3 Na5 19. bxc4 bxc4 20. Qa4 Rac8 21. Rb1 a6 22. Ba3 Bxa3 23. Qxa3 Nf4 24. g4 Nd3 25. Bxd3 cxd3 26. Nxf5 Rxf5 27. gxf5 Nc4 28. Qxa6 Nd2 29. Rb7 Qd8 30. Qe6+ Kh8 31. Kh1 Nf3 32. f6 gxf6 33. Qf7 Rc7 34. Rxc7 Qxc7 35. Qf8# 1-0

[Event "Cerdanyola del Valles op 28th"]
[Site "Cerdanyola del Valles"]
[Date "2010.10.30"]
[Round "5"]
[White "Balague Canadell, Jordi"]
[Black "Garcia Valero, Mario"]
[Result "1-0"]
[WhiteElo "2044"]
[BlackElo "1874"]
[PlyCount "107"]
[EventDate "2010.10.02"]
[EventType "swiss"]
[EventRounds "7"]
[EventCountry "ESP"]
[SourceTitle "EXT 2012"]
[Source "ChessBase"]
[SourceDate "2011.11.24"]
[SourceVersion "1"]
[SourceVersionDate "2011.11.24"]
[SourceQuality "1"]

1. c4 c5 2. Nf3 Nf6 3. d4 cxd4 4. Nxd4 Nc6 5. Nc3 d6 6. e4 g6 7. Be2 Bg7 8. Be3 0-0 9. 0-0 Bd7 10. Qd2 Re8 11. f3 Rc8 12. Rac1 Ne5 13. b3 a6 14. Nd5 Nxd5 15. cxd5 e6 16. dxe6 fxe6 17. Rxc8 Bxc8 18. Rd1 Nf7 19. Bf1 Qf6 20. Ne2 Bd7 21. Bf4 e5 22. Be3 Bc6 23. Nc3 Qh4 24. Bc4 Bf6 25. Bf2 Qf4 26. Qxd6 Be7 27. Qe6 Bg5 28. Qxf7+ Qxf7 29. Bxf7+ Kxf7 30. Bb6 h5 31. Kf2 Bh6 32. a4 Bg7 33. Nd5 Rc8 34. Rc1 Re8 35. Nb4 Re6 36. Nxc6 Rxc6 37. Rxc6 bxc6 38. Ke3 Bh6+ 39. Kd3 Ke6 40. Be3 Bf8 41. Kc4 Be7 42. Bd2 Bf8 43. Bc3 Be7 44. Bb4 Bg5 45. Bf8 Bc1 46. Kb4 Bd2+ 47. Kc5 Kd7 48. Kb6 a5 49. Bc5 Be1 50. Ka6 Bb4 51. Bxb4 axb4 52. Ka5 c5 53. Kb5 Kd6 54. h4 1-0

[Event "Llinars del Valles op-B 4th"]
[Site "Llinars del Valles"]
[Date "2010.04.24"]
[Round "3"]
[White "Garcia Valero, Mario"]
[Black "Domenech Vila, Josep Maria"]
[Result "1-0"]
[WhiteElo "1879"]
[BlackElo "1704"]
[PlyCount "55"]
[EventDate "2010.04.10"]
[EventType "swiss"]
[EventRounds "7"]
[EventCountry "ESP"]
[SourceTitle "EXT 2012"]
[Source "ChessBase"]
[SourceDate "2011.11.24"]
[SourceVersion "1"]
[SourceVersionDate "2011.11.24"]
[SourceQuality "1"]

1. e4 c5 2. Nf3 d6 3. d4 cxd4 4. Nxd4 Nf6 5. Nc3 g6 6. Be3 Bg7 7. Qd2 Nc6 8. f3 0-0 9. 0-0-0 Bd7 10. Bc4 Rb8 11. h4 b5 12. Ndxb5 Ne5 13. Be2 Bxb5 14. Nxb5 a6 15. Nc3 Qa5 16. Rdg1 Qb4 17. Nd1 Qa4 18. Kb1 Nc6 19. c3 Rb7 20. h5 Rfb8 21. hxg6 fxg6 22. Qc2 Qa3 23. Bc4+ Kh8 24. Bb3 Qa5 25. g4 Ne5 26. g5 Nfd7 27. Rxh7+ Kxh7 28. Qh2+ 1-0